<?xml version="1.0" encoding="UTF-8"?>
<record
    xmlns:xsi="http://www.w3.org/2001/XMLSchema-instance"
    xsi:schemaLocation="http://www.loc.gov/MARC21/slim http://www.loc.gov/standards/marcxml/schema/MARC21slim.xsd"
    xmlns="http://www.loc.gov/MARC21/slim">

  <leader>03482nam a22003257a 4500</leader>
  <controlfield tag="003">NALT</controlfield>
  <controlfield tag="005">20260202142644.0</controlfield>
  <controlfield tag="008">260122b        th ||||| |||| 00| 0 tha d</controlfield>
  <datafield tag="020" ind1=" " ind2=" ">
    <subfield code="a">9786168215760</subfield>
  </datafield>
  <datafield tag="040" ind1=" " ind2=" ">
    <subfield code="a">NALT</subfield>
  </datafield>
  <datafield tag="041" ind1="1" ind2=" ">
    <subfield code="a">tha</subfield>
    <subfield code="h">eng</subfield>
  </datafield>
  <datafield tag="050" ind1=" " ind2=" ">
    <subfield code="a">HC 240</subfield>
    <subfield code="b">&#xE1A;919&#xE2A; 2568</subfield>
  </datafield>
  <datafield tag="100" ind1="1" ind2=" ">
    <subfield code="a">&#xE42;&#xE1A;&#xE40;&#xE19;&#xE40;&#xE1F;&#xE25;&#xE14;&#xE4C;, &#xE41;&#xE27;&#xE23;&#xE4C;&#xE40;&#xE19;&#xE2D;&#xE23;&#xE4C;. </subfield>
    <subfield code="9">67302</subfield>
  </datafield>
  <datafield tag="245" ind1="1" ind2="0">
    <subfield code="a">&#xE40;&#xE2A;&#xE23;&#xE35;&#xE19;&#xE34;&#xE22;&#xE21;&#xE43;&#xE2B;&#xE21;&#xE48;&#xE41;&#xE1A;&#xE1A;&#xE40;&#xE22;&#xE2D;&#xE23;&#xE21;&#xE31;&#xE19; : &#xE27;&#xE48;&#xE32;&#xE14;&#xE49;&#xE27;&#xE22;&#xE23;&#xE31;&#xE10;&#xE17;&#xE35;&#xE48;&#xE40;&#xE02;&#xE49;&#xE21;&#xE41;&#xE02;&#xE47;&#xE07;&#xE01;&#xE31;&#xE1A;&#xE40;&#xE28;&#xE23;&#xE29;&#xE10;&#xE01;&#xE34;&#xE08;&#xE40;&#xE2A;&#xE23;&#xE35; = </subfield>
    <subfield code="b">The strong state and the free economy./</subfield>
    <subfield code="c">&#xE41;&#xE27;&#xE23;&#xE4C;&#xE40;&#xE19;&#xE2D;&#xE23;&#xE4C; &#xE42;&#xE1A;&#xE40;&#xE19;&#xE40;&#xE1F;&#xE25;&#xE14;&#xE4C; &#xE40;&#xE02;&#xE35;&#xE22;&#xE19; ; &#xE27;&#xE31;&#xE0A;&#xE23;&#xE1E;&#xE25; &#xE1E;&#xE38;&#xE17;&#xE18;&#xE23;&#xE31;&#xE01;&#xE29;&#xE32; &#xE41;&#xE1B;&#xE25;.</subfield>
  </datafield>
  <datafield tag="246" ind1="3" ind2="1">
    <subfield code="a">The strong state and the free economy.</subfield>
  </datafield>
  <datafield tag="250" ind1=" " ind2=" ">
    <subfield code="a">&#xE1E;&#xE34;&#xE21;&#xE1E;&#xE4C;&#xE04;&#xE23;&#xE31;&#xE49;&#xE07;&#xE41;&#xE23;&#xE01;.</subfield>
  </datafield>
  <datafield tag="260" ind1=" " ind2=" ">
    <subfield code="a">&#xE01;&#xE23;&#xE38;&#xE07;&#xE40;&#xE17;&#xE1E;&#xE2F; : </subfield>
    <subfield code="b">&#xE2D;&#xE34;&#xE25;&#xE25;&#xE39;&#xE21;&#xE34;&#xE40;&#xE19;&#xE0A;&#xE31;&#xE19;&#xE2A;&#xE4C; &#xE40;&#xE2D;&#xE14;&#xE34;&#xE0A;&#xE31;&#xE19;&#xE2A;&#xE4C;, </subfield>
    <subfield code="c">2568.</subfield>
  </datafield>
  <datafield tag="300" ind1=" " ind2=" ">
    <subfield code="a">325 &#xE2B;&#xE19;&#xE49;&#xE32; ;</subfield>
    <subfield code="c">24 &#xE0B;&#xE21;.</subfield>
  </datafield>
  <datafield tag="505" ind1="2" ind2=" ">
    <subfield code="a">&#xE1A;&#xE17;&#xE17;&#xE35;&#xE48; 1 &#xE23;&#xE31;&#xE10;&#xE17;&#xE35;&#xE48;&#xE40;&#xE02;&#xE49;&#xE21;&#xE41;&#xE02;&#xE47;&#xE07;&#xE41;&#xE25;&#xE30;&#xE40;&#xE28;&#xE23;&#xE29;&#xE10;&#xE01;&#xE34;&#xE08;&#xE40;&#xE2A;&#xE23;&#xE35;: &#xE40;&#xE2A;&#xE23;&#xE35;&#xE19;&#xE34;&#xE22;&#xE21;&#xE2D;&#xE2D;&#xE23;&#xE4C;&#xE42;&#xE14;&#xE41;&#xE1A;&#xE1A;&#xE40;&#xE22;&#xE2D;&#xE23;&#xE21;&#xE19;&#xE35; &#xE40;&#xE17;&#xE27;&#xE27;&#xE34;&#xE17;&#xE22;&#xE32;&#xE01;&#xE32;&#xE23;&#xE40;&#xE21;&#xE37;&#xE2D;&#xE07;&#xE41;&#xE25;&#xE30;&#xE1B;&#xE23;&#xE30;&#xE0A;&#xE32;&#xE18;&#xE34;&#xE1B;&#xE44;&#xE15;&#xE22;&#xE02;&#xE2D;&#xE07;&#xE22;&#xE38;&#xE42;&#xE23;&#xE1B; --
&#xE1A;&#xE17;&#xE17;&#xE35;&#xE48; 2 &#xE40;&#xE28;&#xE23;&#xE29;&#xE10;&#xE01;&#xE34;&#xE08;&#xE40;&#xE2A;&#xE23;&#xE35;&#xE43;&#xE19;&#xE10;&#xE32;&#xE19;&#xE30;&#xE1B;&#xE0F;&#xE34;&#xE1A;&#xE31;&#xE15;&#xE34;&#xE01;&#xE32;&#xE23;&#xE17;&#xE32;&#xE07;&#xE01;&#xE32;&#xE23;&#xE40;&#xE21;&#xE37;&#xE2D;&#xE07; --
&#xE1A;&#xE17;&#xE17;&#xE35;&#xE48; 3 &#xE1B;&#xE23;&#xE30;&#xE0A;&#xE32;&#xE18;&#xE34;&#xE1B;&#xE44;&#xE15;&#xE22;&#xE41;&#xE25;&#xE30;&#xE40;&#xE2A;&#xE23;&#xE35;&#xE20;&#xE32;&#xE1E;: &#xE27;&#xE48;&#xE32;&#xE14;&#xE49;&#xE27;&#xE22;&#xE25;&#xE31;&#xE17;&#xE18;&#xE34;&#xE40;&#xE2A;&#xE23;&#xE35;&#xE19;&#xE34;&#xE22;&#xE21;&#xE41;&#xE1A;&#xE1A;&#xE2D;&#xE33;&#xE19;&#xE32;&#xE08;&#xE19;&#xE34;&#xE22;&#xE21; --
&#xE1A;&#xE17;&#xE17;&#xE35;&#xE48; 4 &#xE01;&#xE32;&#xE23;&#xE1B;&#xE23;&#xE30;&#xE01;&#xE2D;&#xE1A;&#xE2A;&#xE23;&#xE49;&#xE32;&#xE07;&#xE17;&#xE32;&#xE07;&#xE40;&#xE28;&#xE23;&#xE29;&#xE10;&#xE01;&#xE34;&#xE08;&#xE41;&#xE25;&#xE30;&#xE23;&#xE30;&#xE40;&#xE1A;&#xE35;&#xE22;&#xE1A;&#xE17;&#xE32;&#xE07;&#xE2A;&#xE31;&#xE07;&#xE04;&#xE21;: &#xE27;&#xE48;&#xE32;&#xE14;&#xE49;&#xE27;&#xE22;&#xE40;&#xE2A;&#xE23;&#xE35;&#xE20;&#xE32;&#xE1E;&#xE02;&#xE2D;&#xE07;&#xE01;&#xE32;&#xE23;&#xE41;&#xE02;&#xE48;&#xE07;&#xE02;&#xE31;&#xE19;&#xE2D;&#xE22;&#xE48;&#xE32;&#xE07;&#xE2A;&#xE21;&#xE1A;&#xE39;&#xE23;&#xE13;&#xE4C; --
&#xE1A;&#xE17;&#xE17;&#xE35;&#xE48; 5 &#xE19;&#xE42;&#xE22;&#xE1A;&#xE32;&#xE22;&#xE2A;&#xE31;&#xE07;&#xE04;&#xE21;: &#xE08;&#xE32;&#xE01;&#xE2A;&#xE31;&#xE07;&#xE04;&#xE21;&#xE0A;&#xE19;&#xE0A;&#xE31;&#xE49;&#xE19;&#xE2A;&#xE39;&#xE48;&#xE2A;&#xE31;&#xE07;&#xE04;&#xE21;&#xE01;&#xE34;&#xE08;&#xE01;&#xE32;&#xE23; --
&#xE1A;&#xE17;&#xE17;&#xE35;&#xE48; 6 &#xE22;&#xE38;&#xE42;&#xE23;&#xE1B;&#xE01;&#xE31;&#xE1A;&#xE41;&#xE19;&#xE27;&#xE04;&#xE34;&#xE14;&#xE01;&#xE32;&#xE23;&#xE40;&#xE2A;&#xE23;&#xE34;&#xE21;&#xE2D;&#xE33;&#xE19;&#xE32;&#xE08;&#xE01;&#xE32;&#xE23;&#xE1B;&#xE01;&#xE04;&#xE23;&#xE2D;&#xE07; (Subsidiarity): &#xE27;&#xE48;&#xE32;&#xE14;&#xE49;&#xE27;&#xE22;&#xE2D;&#xE07;&#xE04;&#xE4C;&#xE1B;&#xE23;&#xE30;&#xE01;&#xE2D;&#xE1A;&#xE02;&#xE2D;&#xE07;&#xE40;&#xE2A;&#xE23;&#xE35;&#xE19;&#xE34;&#xE22;&#xE21;&#xE41;&#xE1A;&#xE1A;&#xE2D;&#xE2D;&#xE23;&#xE4C;&#xE42;&#xE14; --
&#xE1A;&#xE17;&#xE17;&#xE35;&#xE48; 7 &#xE2A;&#xE2B;&#xE20;&#xE32;&#xE1E;&#xE01;&#xE32;&#xE23;&#xE40;&#xE07;&#xE34;&#xE19;&#xE22;&#xE38;&#xE42;&#xE23;&#xE1B;: &#xE01;&#xE32;&#xE23;&#xE1B;&#xE23;&#xE30;&#xE01;&#xE2D;&#xE1A;&#xE2A;&#xE23;&#xE49;&#xE32;&#xE07;&#xE17;&#xE32;&#xE07;&#xE40;&#xE28;&#xE23;&#xE29;&#xE10;&#xE01;&#xE34;&#xE08;&#xE41;&#xE25;&#xE30;&#xE19;&#xE42;&#xE22;&#xE1A;&#xE32;&#xE22;&#xE40;&#xE0A;&#xE34;&#xE07;&#xE01;&#xE0E;&#xE40;&#xE01;&#xE13;&#xE11;&#xE4C; --
&#xE1A;&#xE17;&#xE17;&#xE35;&#xE48; 8 &#xE40;&#xE2A;&#xE23;&#xE35;&#xE19;&#xE34;&#xE22;&#xE21;&#xE41;&#xE1A;&#xE1A;&#xE2D;&#xE33;&#xE19;&#xE32;&#xE08;&#xE19;&#xE34;&#xE22;&#xE21;&#xE01;&#xE31;&#xE1A;&#xE2A;&#xE01;&#xE38;&#xE25;&#xE40;&#xE07;&#xE34;&#xE19;&#xE22;&#xE39;&#xE42;&#xE23;: &#xE27;&#xE48;&#xE32;&#xE14;&#xE49;&#xE27;&#xE22;&#xE40;&#xE17;&#xE27;&#xE27;&#xE34;&#xE17;&#xE22;&#xE32;&#xE01;&#xE32;&#xE23;&#xE40;&#xE21;&#xE37;&#xE2D;&#xE07;&#xE02;&#xE2D;&#xE07;&#xE23;&#xE31;&#xE10;&#xE1A;&#xE23;&#xE34;&#xE2B;&#xE32;&#xE23;.</subfield>
  </datafield>
  <datafield tag="650" ind1=" " ind2="4">
    <subfield code="a">&#xE40;&#xE2A;&#xE23;&#xE35;&#xE19;&#xE34;&#xE22;&#xE21;</subfield>
    <subfield code="z">&#xE01;&#xE25;&#xE38;&#xE48;&#xE21;&#xE1B;&#xE23;&#xE30;&#xE40;&#xE17;&#xE28;&#xE2A;&#xE2B;&#xE20;&#xE32;&#xE1E;&#xE22;&#xE38;&#xE42;&#xE23;&#xE1B;</subfield>
    <subfield code="9">67342</subfield>
  </datafield>
  <datafield tag="650" ind1=" " ind2="4">
    <subfield code="a">&#xE01;&#xE32;&#xE23;&#xE1B;&#xE23;&#xE30;&#xE01;&#xE2D;&#xE1A;&#xE01;&#xE32;&#xE23;&#xE40;&#xE2A;&#xE23;&#xE35;</subfield>
    <subfield code="z">&#xE01;&#xE25;&#xE38;&#xE48;&#xE21;&#xE1B;&#xE23;&#xE30;&#xE40;&#xE17;&#xE28;&#xE2A;&#xE2B;&#xE20;&#xE32;&#xE1E;&#xE22;&#xE38;&#xE42;&#xE23;&#xE1B;</subfield>
    <subfield code="9">67343</subfield>
  </datafield>
  <datafield tag="651" ind1=" " ind2="4">
    <subfield code="a">&#xE01;&#xE25;&#xE38;&#xE48;&#xE21;&#xE1B;&#xE23;&#xE30;&#xE40;&#xE17;&#xE28;&#xE2A;&#xE2B;&#xE20;&#xE32;&#xE1E;&#xE22;&#xE38;&#xE42;&#xE23;&#xE1B;</subfield>
    <subfield code="x">&#xE19;&#xE42;&#xE22;&#xE1A;&#xE32;&#xE22;&#xE40;&#xE28;&#xE23;&#xE29;&#xE10;&#xE01;&#xE34;&#xE08;</subfield>
    <subfield code="9">67344</subfield>
  </datafield>
  <datafield tag="700" ind1="1" ind2=" ">
    <subfield code="a">Bonefeld, Werner</subfield>
    <subfield code="9">67345</subfield>
  </datafield>
  <datafield tag="700" ind1="0" ind2=" ">
    <subfield code="a">&#xE27;&#xE31;&#xE0A;&#xE23;&#xE1E;&#xE25; &#xE1E;&#xE38;&#xE17;&#xE18;&#xE23;&#xE31;&#xE01;&#xE29;&#xE32;</subfield>
    <subfield code="9">10502</subfield>
  </datafield>
  <datafield tag="942" ind1=" " ind2=" ">
    <subfield code="c">GB</subfield>
    <subfield code="2">lcc</subfield>
  </datafield>
  <datafield tag="996" ind1=" " ind2=" ">
    <subfield code="a">jidapa.t</subfield>
    <subfield code="b">ACQSTF</subfield>
    <subfield code="c">2026-01-22</subfield>
  </datafield>
  <datafield tag="996" ind1=" " ind2=" ">
    <subfield code="a">varee.k</subfield>
    <subfield code="b">LIBSTF</subfield>
    <subfield code="c">2026-01-23</subfield>
  </datafield>
  <datafield tag="996" ind1=" " ind2=" ">
    <subfield code="a">saiphon.d</subfield>
    <subfield code="b">CATSTF	</subfield>
    <subfield code="c">2026-01-28</subfield>
  </datafield>
  <datafield tag="999" ind1=" " ind2=" ">
    <subfield code="c">107700</subfield>
    <subfield code="d">107700</subfield>
  </datafield>
  <datafield tag="998" ind1=" " ind2=" ">
    <subfield code="j">111</subfield>
    <subfield code="k"> &#xE19;&#xE32;&#xE07;&#xE2A;&#xE32;&#xE27;&#xE1E;&#xE08;&#xE1E;&#xE34;&#xE13;  &#xE1E;&#xE23;&#xE21;&#xE40;&#xE2D;&#xE35;&#xE48;&#xE22;&#xE21;</subfield>
  </datafield>
  <datafield tag="952" ind1=" " ind2=" ">
    <subfield code="0">0</subfield>
    <subfield code="1">0</subfield>
    <subfield code="2">lcc</subfield>
    <subfield code="4">0</subfield>
    <subfield code="7">0</subfield>
    <subfield code="8">CGBL</subfield>
    <subfield code="a">NALT</subfield>
    <subfield code="b">NALT</subfield>
    <subfield code="c">GEN</subfield>
    <subfield code="d">2026-01-22</subfield>
    <subfield code="e">54</subfield>
    <subfield code="l">1</subfield>
    <subfield code="m">1</subfield>
    <subfield code="o">HC 240 &#xE1A;919&#xE2A; 2568</subfield>
    <subfield code="p">3961216079</subfield>
    <subfield code="r">2026-02-06 00:00:00</subfield>
    <subfield code="s">2026-02-02</subfield>
    <subfield code="w">2026-01-22</subfield>
    <subfield code="y">GB</subfield>
  </datafield>
</record>
